Analýza finančného zdravia vybraného podnikateľského subjektu diplomová práca

Salvato in:
Dettagli Bibliografici
Autore principale: Mayerová, Viktória
Ente Autore: Národohospodárska fakulta EU. Katedra financií
Altri autori: Jančovičová Bognárová, Kristína, 1979-
Natura: Libro
Lingua:slovacco
Pubblicazione: Bratislava 2022
Tags: Aggiungi Tag
Nessun Tag, puoi essere il primo ad aggiungerne!!

MARC

LEADER 00000nbm a2200000 4500
001 0284002
005 20221025134055.2
041 0 |a slo 
044 |a SK 
245 1 0 |a Analýza finančného zdravia vybraného podnikateľského subjektu  |b diplomová práca  |c Viktória Mayerová ; školiteľ: Kristína Jančovičová Bognárová 
264 1 |a Bratislava  |c 2022 
300 |a 99 s. 
100 1 |a Mayerová, Viktória 
700 1 |a Jančovičová Bognárová, Kristína, 1979- 
710 2 |a Národohospodárska fakulta EU. Katedra financií